000 01216nam a2200229Ia 4500
001 L268-21658
003 IT-CnALBA
008 170116s9999||||xx |||||||||||||| ||und||
040 _aIT-CnALBA
_cIT-CnALBA
041 _aITALIANO
100 _aPAPINI GIUSEPPE
245 0 _aGESÙ TI CHIAMA. SCOPRIRE INSIEME IL CATECHISMO DEI BAMBINI.
250 _a1a ed.
260 _a BOLOGNA - NAPOLI
_bDEHONIANE EDIZIONI
_c1974 [1° Ed.:1974 - Ed.Ling.Originale: 1974]
300 _a256 p.
500 _aEDUCAZIONE ALLA FEDE. CATECHISMO DEI BAMBINI. BAMBINO DI DIO. DIALOGO. INCONTRO. BAMBINO E STORIA DELLA SALVEZZA. SVILUPPO MORALE DEL BAMBINO. TRACCE PER CONVERSAZIONI PRATICHE E OCCASIONALI TRA GENITORI E BAMBINI. ALBIERO G. ZANOTTI P. GAIANIGO C. SCHNOL
501 _aSocietà San Paolo EM - Piazza San Paolo, 14 - 12051 ALBA (CN) (non commercial uses only) ® Copyright 2017
520 _aEDUCAZIONE ALLA FEDE. CATECHISMO DEI BAMBINI. BAMBINO DI DIO. DIALOGO. INCONTRO. BAMBINO E STORIA DELLA SALVEZZA. SVILUPPO MORALE DEL BAMBINO. TRACCE PER CONVERSAZIONI PRATICHE E OCCASIONALI TRA GENITORI E BAMBINI. ALBIERO G. ZANOTTI P. GAIANIGO C. SCHNOL
650 _aCATECHESI
942 _cBK
957 _71
999 _a26400
_bNO
_g Copie: 1
_c280762
_d280762